<?xml version="1.0" encoding="UTF-8"?>
<collection xmlns="http://www.loc.gov/MARC21/slim">
 <record>
  <leader>01464nam a22003494a 4500</leader>
  <controlfield tag="001">31475</controlfield>
  <controlfield tag="003">BD-DhAAL</controlfield>
  <controlfield tag="005">20161115165507.0</controlfield>
  <controlfield tag="008">161115s2004    mau       e     1   eng  </controlfield>
  <datafield tag="010" ind1=" " ind2=" ">
   <subfield code="a">  2003055028</subfield>
   <subfield code="z">  2003067503</subfield>
  </datafield>
  <datafield tag="020" ind1=" " ind2=" ">
   <subfield code="a">0674013859</subfield>
  </datafield>
  <datafield tag="040" ind1=" " ind2=" ">
   <subfield code="a">DLC</subfield>
   <subfield code="c">DLC</subfield>
   <subfield code="d">DLC</subfield>
   <subfield code="d">BD-DhAAL</subfield>
  </datafield>
  <datafield tag="050" ind1="0" ind2="0">
   <subfield code="a">G1786.S1</subfield>
   <subfield code="b">R9 2004</subfield>
  </datafield>
  <datafield tag="052" ind1=" " ind2=" ">
   <subfield code="a">5681</subfield>
  </datafield>
  <datafield tag="082" ind1="0" ind2="0">
   <subfield code="a">911.1767</subfield>
   <subfield code="2">22</subfield>
  </datafield>
  <datafield tag="100" ind1="1" ind2=" ">
   <subfield code="a">Ruthven, Malise.</subfield>
   <subfield code="9">20755</subfield>
  </datafield>
  <datafield tag="245" ind1="1" ind2="0">
   <subfield code="a">Historical atlas of Islam /</subfield>
   <subfield code="c">by Malise Ruthven ; with Azim Nanji.</subfield>
  </datafield>
  <datafield tag="255" ind1=" " ind2=" ">
   <subfield code="a">Scales differ.</subfield>
  </datafield>
  <datafield tag="260" ind1=" " ind2=" ">
   <subfield code="a">Cambridge, Mass. :</subfield>
   <subfield code="b">Harvard University Press,</subfield>
   <subfield code="c">2004.</subfield>
  </datafield>
  <datafield tag="300" ind1=" " ind2=" ">
   <subfield code="a">1 atlas (208 p.) ;</subfield>
   <subfield code="b">ill. (some col.), col. maps ;</subfield>
   <subfield code="c">29 cm.</subfield>
  </datafield>
  <datafield tag="500" ind1=" " ind2=" ">
   <subfield code="a">Includes indexes.</subfield>
  </datafield>
  <datafield tag="526" ind1=" " ind2=" ">
   <subfield code="a">ESS</subfield>
  </datafield>
  <datafield tag="541" ind1=" " ind2=" ">
   <subfield code="e">31475</subfield>
  </datafield>
  <datafield tag="650" ind1=" " ind2="0">
   <subfield code="a">Islam</subfield>
   <subfield code="x">History</subfield>
   <subfield code="v">Maps.</subfield>
   <subfield code="9">20756</subfield>
  </datafield>
  <datafield tag="650" ind1=" " ind2="0">
   <subfield code="a">Islamic civilization</subfield>
   <subfield code="v">Maps.</subfield>
   <subfield code="9">20757</subfield>
  </datafield>
  <datafield tag="651" ind1=" " ind2="0">
   <subfield code="a">Islamic countries</subfield>
   <subfield code="x">Historical geography</subfield>
   <subfield code="v">Maps.</subfield>
   <subfield code="9">20758</subfield>
  </datafield>
  <datafield tag="651" ind1=" " ind2="0">
   <subfield code="a">Islamic countries</subfield>
   <subfield code="x">Civilization</subfield>
   <subfield code="v">Maps.</subfield>
   <subfield code="9">20759</subfield>
  </datafield>
  <datafield tag="700" ind1="1" ind2=" ">
   <subfield code="a">Nanji, Azim.</subfield>
   <subfield code="9">20760</subfield>
  </datafield>
  <datafield tag="942" ind1=" " ind2=" ">
   <subfield code="2">ddc</subfield>
   <subfield code="c">BK</subfield>
  </datafield>
  <datafield tag="955" ind1=" " ind2=" ">
   <subfield code="a">pc14 2003-11-14 to HLCD</subfield>
   <subfield code="c">yk06 2003-11-18 ; yk11 2003-11-18 to G&amp;M for subj. consideration; ga36</subfield>
   <subfield code="a">aa04 2003-11-25</subfield>
   <subfield code="a">ps12 2004-05-03 1 copy rec'd., to CIP ver.; CIP ver. ga36 2004-05-25</subfield>
   <subfield code="a">pv15 2004-10-01 copy 2 to BCCD</subfield>
  </datafield>
  <datafield tag="999" ind1=" " ind2=" ">
   <subfield code="c">37875</subfield>
   <subfield code="d">37875</subfield>
  </datafield>
  <datafield tag="952" ind1=" " ind2=" ">
   <subfield code="0">0</subfield>
   <subfield code="1">0</subfield>
   <subfield code="2">ddc</subfield>
   <subfield code="4">0</subfield>
   <subfield code="6">911_176700000000000_RUT</subfield>
   <subfield code="7">0</subfield>
   <subfield code="9">59805</subfield>
   <subfield code="a">BRACUL</subfield>
   <subfield code="b">BRACUL</subfield>
   <subfield code="c">GEN</subfield>
   <subfield code="d">2016-11-10</subfield>
   <subfield code="e">Trim Education</subfield>
   <subfield code="g">4802.00</subfield>
   <subfield code="l">4</subfield>
   <subfield code="o">911.1767 RUT</subfield>
   <subfield code="p">3010031475</subfield>
   <subfield code="r">2026-05-21</subfield>
   <subfield code="s">2026-05-18</subfield>
   <subfield code="t">1</subfield>
   <subfield code="v">4802.00</subfield>
   <subfield code="w">2016-11-10</subfield>
   <subfield code="y">BK</subfield>
  </datafield>
 </record>
</collection>
